Southville International School and Colleges
Your cart is empty.
  • Cart
  • Lists
    Public lists Eva Luna New books Lux_list list_1
    Your lists Log in to create your own lists
  • Log in to your account
  • Your cookies
  • Search history
Southville International School and Colleges
  • Advanced search
  • Recent comments
  • Most popular
  • Libraries

Log in to your account

Log in with GOOGLE


If you do not have an external account, but do have a local account, you can still log in:

  1. Home
  2. MARC view: 101 things to do with a baby /
Normal view MARC view ISBD view

101 things to do with a baby / (Record no. 23128)

[ view plain ]
MARC details
000 -LEADER
fixed length control field 00597nam a2200217 a 4500
005 - DATE AND TIME OF LATEST TRANSACTION
control field 20140310183441.0
008 - FIXED-LENGTH DATA ELEMENTS--GENERAL INFORMATION
fixed length control field 080716s19uu xx 00 eng d
020 ## - INTERNATIONAL STANDARD BOOK NUMBER
International Standard Book Number 0140504478
050 ## - LIBRARY OF CONGRESS CALL NUMBER
Classification number PZ 7
Item number .Or634 1984
100 ## - MAIN ENTRY--PERSONAL NAME
Personal name Ormerod, Jan
245 ## - TITLE STATEMENT
Title 101 things to do with a baby /
Statement of responsibility, etc Jan Ormerod
260 ## - PUBLICATION, DISTRIBUTION, ETC. (IMPRINT)
Place of publication, distribution, etc England :
Name of publisher, distributor, etc Puffin Books,
Date of publication, distribution, etc 1986.
300 ## - PHYSICAL DESCRIPTION
Extent 99 p. :
Other physical details col. ill. ;
Dimensions 22 cm.
521 ## - TARGET AUDIENCE NOTE
Target audience note
650 ## - SUBJECT ADDED ENTRY--TOPICAL TERM
Topical term or geographic name as entry element Babies
General subdivision Fiction.
650 ## - SUBJECT ADDED ENTRY--TOPICAL TERM
Topical term or geographic name as entry element Brothers and sisters
General subdivision Fiction.
650 ## - SUBJECT ADDED ENTRY--TOPICAL TERM
Topical term or geographic name as entry element Child rearing.
650 ## - SUBJECT ADDED ENTRY--TOPICAL TERM
Topical term or geographic name as entry element Pediatric nursing.
942 ## - ADDED ENTRY ELEMENTS (KOHA)
Koha item type Books
Source of classification or shelving scheme Library of Congress Classification
Call number prefix Foreign
Holdings
Withdrawn status Lost status Source of classification or shelving scheme Damaged status Home library Current library Shelving location Date acquired Source of acquisition Total Checkouts Full call number Barcode Date last seen Copy number Price effective from Koha item type
    Library of Congress Classification   Archives Archives   07/16/2008 Donation   PZ 7 .Or634 1984 C9446 05/15/2018 1 10/18/2013 Books

101 things to do with a baby /

APA

Ormerod J., . (1986). 101 things to do with a baby. England: Puffin Books.

Chicago

Ormerod Jan, . 1986. 101 things to do with a baby. England: Puffin Books.

Harvard

Ormerod J., . (1986). 101 things to do with a baby. England: Puffin Books.

MLA

Ormerod Jan, . 101 things to do with a baby. England: Puffin Books. 1986.

  • Place hold
  • Print
  • Cite
  • Add to your cart (remove)
  • Save record
    BIBTEX Dublin Core MARCXML MARC (non-Unicode/MARC-8) MARC (Unicode/UTF-8) MARC (Unicode/UTF-8, Standard) MODS (XML) RIS
  • More searches
    Search for this title in:
    Other Libraries (WorldCat) Other Databases (Google Scholar) Online Stores (Bookfinder.com) Open Library (openlibrary.org)

Exporting to Dublin Core...

SOUTHVILLE LIBRARY

Southville International School and Colleges Library

1281 Tropical Ave. Cor. Luxembourg St., BF Homes International, Las Pinas City

Tel. No. 8256374 / 252358 Loc. 117/146

Powered by Koha